| 000 | 00410nam a22001217a 4500 | ||
|---|---|---|---|
| 999 |
_c1399 _d1399 |
||
| 005 | 20200831120928.0 | ||
| 008 | 200831b ||||| |||| 00| 0 eng d | ||
| 020 | _a0333518578 | ||
| 040 | _cCML | ||
| 245 |
_aMathematics Methods: A Resource Book for Primary School Teachers. _cNair, A. & Pool, P. |
||
| 260 |
_aLondon _bMacmillan Education Ltd _c1991 |
||
| 942 |
_2ddc _cBK _e1st Edition _h510.42 _mNAI |
||